|
|
|
|
| LEADER |
00000naa a2200000uu 4500 |
| 001 |
vtls011060457 |
| 003 |
SK-MaSNL |
| 005 |
20260302111742.0 |
| 008 |
210906|2007 xo |||||||||||||||||eng| |
| 015 |
|
|
|a SNBRA
|
| 035 |
|
|
|a (urnnbn)urn:nbn:sk:snk:ar-a0c27g
|
| 035 |
|
|
|a (uuid)878725c2-e8b8-4c28-9643-3f7f0eab3586
|
| 035 |
|
|
|a urn:nbn:sk:snk-aav8qr
|
| 040 |
|
|
|a SNKBUCL
|b slo
|c SNKBUCL
|e AACR2
|
| 041 |
0 |
|
|a eng
|
| 044 |
|
|
|a xo
|c SK
|
| 100 |
1 |
|
|a Křápek, Vlastimil
|4 aut
|9 789711
|
| 245 |
1 |
0 |
|a Semiconductor quantum dots for long wavelength applications
|c Vlastimil Křápek, Alice Hospodková, Eduard Hulicius, Jiří Oswald, Jiří Pangrác, Josef Humlíček, Karla Kuldová
|
| 700 |
1 |
|
|a Hospodková, Alice
|4 aut
|9 789712
|
| 700 |
1 |
|
|a Hulicius, Eduard
|4 aut
|9 789713
|
| 700 |
1 |
|
|a Oswald, Jiří
|4 aut
|9 789714
|
| 700 |
1 |
|
|a Pangrác, Jiří
|4 aut
|9 789715
|
| 700 |
1 |
|
|a Humlíček, Josef
|4 aut
|9 789716
|
| 700 |
1 |
|
|a Kuldová, Karla
|4 aut
|9 789717
|
| 773 |
0 |
|
|t The 3rd Seminar on New Trends in Plasma Physics and Solid State Physics
|d Bratislava : Library and Publishing Centre in collaboration with Department of Experimental Physics, Comenius University, 2007
|g S. 69-70
|z 9788089186242
|
| 958 |
|
|
|a OND
|
| 958 |
|
|
|a article12
|
| 958 |
|
|
|a chapter
|
| 999 |
|
|
|c 1248821
|d 1250751
|